| 000 | 00585nam a22001937a 4500 | ||
|---|---|---|---|
| 003 | OSt | ||
| 005 | 20240628014502.0 | ||
| 008 | 240628b |||||||| |||| 00| 0 eng d | ||
| 020 | _a0060976179 | ||
| 040 |
_aDWC-Main Lib _cOC |
||
| 082 | _aCirc. 973.4092 R188t 1993 | ||
| 100 | _aRandall, Willard Strene | ||
| 245 |
_aThomas Jefferson: a life / _cWillard Strene Randall |
||
| 260 |
_aNY: _bHolt, _cc1993. |
||
| 300 |
_axix, 708 pages: _billustrations ; _c20cm. |
||
| 504 | _aIncludes bibliographical and index. | ||
| 650 | _a1. Jefferson, Thomas, 1743-1826 | ||
| 942 |
_2ddc _cBK-CIRC _n1 |
||
| 999 |
_c1545 _d1545 |
||